banner koha

A Riquesa Mineral do Brasil : (Registro n. 341046)

MARC details
000 -LÍDER
Campo de controle fixo 01614nam a22003137a 4500
001 - NÚMERO DE CONTROLE
Número de controle BR2026000876
003 - CÓDIGO MARC DA AGÊNCIA CATALOGADORA
Campo de controle BR-BrBNA
005 - DATA E HORA DA ÚLTIMA ATUALIZAÇÃO
Campo de controle 20260325122516.0
008 - CAMPO DE TAMANHO FIXO
Campo fixo de controle 260325b bl.||||| |||| 00| 0 por d
040 ## - FONTE DA CATALOGAÇÃO
Agência catalogadora BR-BrBNA
Idioma da catalogação por
041 ## - CÓDIGO DO IDIOMA
Código do Idioma por
072 ## - CATEGORIA AGRIS
Código da categoria de assunto/objeto <a href="B50">B50</a>
090 ## - NÚMERO DE CHAMADA
Localização na estante B50
Código BR BR2026000876
100 0# - ENTRADA PRINCIPAL - NOME PESSOAL
Código de relação aut.
Nome pessoal Sílvio Fróis de Abreu,
245 ## - TÍTULO PRINCIPAL
Título principal A Riquesa Mineral do Brasil :
Indicação de responsabilidade Sílvio Fróis de Abreu,
250 ## - EDIÇÃO
Edição 102. ed.
260 ## - IMPRENTA (PUBLICAÇÃO, DISTRIBUIÇÃO, ETC.)
Lugar de publicação, distribuição, etc. São Paulo, SP (Brasil) :
Nome do editor, distribuidor, etc. Companhia Editora Nacional,
Data de publicação, distribuição, etc 1937.
300 ## - DESCRIÇÃO FÍSICA
Extensão 383 p.
490 ## - INDICAÇÃO DE SÉRIE
Título da série Coleção Brasiliana,
Número do volume ou designação sequencial da série v. 102.
500 ## - NOTA GERAL
Notas gerais Obra de caráter histórico sobre o Brasil colonial.
500 ## - NOTA GERAL
Notas gerais Texto em ortografia antiga.
520 ## - NOTA DE RESUMO, ETC
Nota de conteúdo Voltada ao aproveitamento dos recursos naturais, Sílvio Fróis de Abreu, examina o potencial mineral do Brasil, destacando a diversidade e a distribuição das riquezas do subsolo nacional. Publicada em 1937 como parte da coleção Brasiliana, “A Riqueza Mineral do Brasil” apresenta um panorama das principais ocorrências minerais, suas possibilidades de exploração e sua importância para o desenvolvimento econômico do país. Ao articular aspectos geológicos e econômicos, a obra contribui para o entendimento do papel dos recursos minerais na formação e expansão da economia brasileira.
650 ## - ASSUNTO - THESAGRO
Cabeçalho tópico ou nome geográfico RECURSO MINERAL
650 ## - ASSUNTO - THESAGRO
Cabeçalho tópico ou nome geográfico RECURSO NATURAL
650 ## - ASSUNTO - THESAGRO
Cabeçalho tópico ou nome geográfico MATERIA PRIMA MINERAL
856 ## - ACESSO E ENDEREÇO ELETRÔNICO
Material especificado Disponível na Biblioteca Digital do MAPA.
Texto do link https://bdor.sibi.ufrj.br/bitstream/doc/184/1/102%20PDF%20-%20OCR%20-%20RED.pdf
909 ## - IDENTIFICAÇÃO DO CATALOGADOR
Ano e mês da catalogação (aaaamm) 202603
Identificação do catalogador Moisés
942 ## - TIPO ESPECÍFICO
Tipo de material Livros
952 ## - LOCATION AND ITEM INFORMATION (KOHA)
-- 2026-03-25
Exemplares
Status de empréstimo Fonte de classificação Status de danificação Não pode ser emprestado Código da coleção Localização permanente Localização atual Localização na estante Total Checkouts Número de chamada Código de barras Tipo de material
  Classificação AGRIS     Obras Raras Biblioteca Nacional de Agricultura - Binagri Biblioteca Nacional de Agricultura - Binagri Agrobase - Obras Raras   B50 BR2026000876 OBR 2026-1303 Livros

BINAGRI

Telefone: (61)3218-2567/2388/3357/2097 - binagri@agro.gov.br

Ministério da Agricultura e Pecuária , Esplanada dos Ministérios, Bloco D, Anexo B, Brasília/DF, CEP: 70.043-900